Likya'da paleocoğrafya ve jeoarkeoloji araştırmaları /

Saved in:
Bibliographic Details
Main Author: Öner, Ertuğ, 1962- (Author)
Format: Book
Language:Turkish
Published: İzmir : Ege Üniversitesi Yayınları, 2013.
Series:Ege Üniversitesi Yayınları Edebiyat Fakültesi ; yayın no: 182
Subjects:
Tags: Add Tag
No Tags, Be the first to tag this record!
LEADER 01105cam a2200325 i 4500
001 014365083-1
005 20171211190447.0
008 140221s2013 tu ab b 000 0 tur d
020 |a 9786053380320 
035 0 |a on1013457606 
040 |a PUL  |b eng  |e rda  |c PUL 
043 |a a-tu--- 
050 4 |a DS156.L8  |b O53 2013 
100 1 |a Öner, Ertuğ,  |d 1962-  |e author. 
245 1 0 |a Likya'da paleocoğrafya ve jeoarkeoloji araştırmaları /  |c Prof. Dr. Ertuğ Öner. 
264 1 |a İzmir :  |b Ege Üniversitesi Yayınları,  |c 2013. 
300 |a 478 pages :  |b illustrations ;  |c 24 cm. 
336 |a text  |2 rdacontent 
337 |a unmediated  |2 rdamedia 
338 |a volume  |2 rdacarrier 
490 0 |a Ege Üniversitesi Yayınları Edebiyat Fakültesi ;  |v yayın no: 182 
504 |a Includes bibliographical references (pages 441-447). 
650 0 |a Paleography  |z Turkey  |z Lycia. 
651 0 |a Lycia  |x Antiquities. 
650 0 |a Excavations (Archaeology)  |z Turkey  |z Lycia. 
650 0 |a Archaeological geology  |z Turkey  |z Lycia. 
752 |a Turkey  |d İzmir. 
899 |a 415_565008 
988 |a 20150424 
906 |0 OCLC